| 000 | 01344nam a2200325 a 4500 | ||
|---|---|---|---|
| 001 | vtls002058431 | ||
| 003 | NLI | ||
| 005 | 20210701062059.0 | ||
| 008 | 191206|2018 ii 000 0 mar d | ||
| 020 | _cRs.240.00 | ||
| 039 | 9 |
_a201912311213 _bprafullm _y201912061842 _zpadmad |
|
| 040 |
_aNLI _bmar _cAACR2 |
||
| 041 | _amar | ||
| 082 | 0 | 4 |
_a508.3 _223 |
| 100 | 1 |
_6880-01 _aकारंजकर, प्रतिभा वासुदेव _9678675 |
|
| 245 | 1 | 0 |
_6880-02 _aहिरवी कुरणे, काळी छाया / _cप्रतिभा वासुदेव कारंजकर |
| 260 |
_aगोवा : _bवासुदेव नरहरी कारंजकर , _c2018. |
||
| 300 |
_a148p.: _billus.; _c21.5cm. |
||
| 650 | 0 |
_aNatural history _9683264 |
|
| 880 | 1 |
_6100-01/ (B _aKāran̄jakara, Pratibhā Vāsudeva |
|
| 880 | 1 | 0 |
_6245-02/ (B _aHiravī kuraṇe, kāḷī chāyā / _cPratibhā Vāsudeva Kāran̄jakara |
| 887 | _apadmad Prafullm1 | ||
| 901 |
_aMar 56834 _bdated 28/8/2019 |
||
| 902 | _aMar 508.3 K 625 hkkc | ||
| 904 | _apadmad | ||
| 905 | _aPrafullm1 | ||
| 949 |
_AVIRTUAITEM _D10023 _X100 _6DBA000056834MAR _a Mar 508.3 K 625 hkkc _eMar 56834 |
||
| 942 |
_2ddc _cBKS |
||
| 999 |
_aVIRTUA40 _c1475475 _d1475475 |
||
| 999 | _aVTLSSORT0080*0200*0400*0410*0820*1000*2450*2600*3000*6500*8800*8801*9010*9020*9040*9050*9992 | ||